Design UK 2

Saved in:
Bibliographic Details
Main Author: Fraser, Max
Format: Book
Language:English
Published: London : Conran Octopus, c2003.
Subjects:
Tags: Add Tag
No Tags, Be the first to tag this record!

MARC

LEADER 00000cam a2200000 i 4500
001 1/56403
008 070928s2003 enk| ||| |||| ||eng||
020 |a 1840913185 
035 |l 10091130 
040 |a GR-MyUa  |b gre  |e AACR2 
041 0 |a eng 
082 7 |a 745.40941   |2 (22) 
100 1 |a Fraser, Max. 
245 1 0 |a Design UK 2 /   |c Max Fraser.  
260 |a London :   |b Conran Octopus,   |c c2003.  
300 |a 303 σ. :   |b έγχρ. εικ. ;   |c 17 εκ. 
650 0 |a Design  |z Great Britain. 
852 |a INST  |b SYROS  |e 20070928  |h 745.40941 FRA  |p 005500007098  |q 005500007098  |t BK  |y 0 
901 |a BIBL5-2007-3 
922 |a 5ΕΛΗ  |b 200707  |c ΕΠΕΑΕΚ2/ΤΜΣΠΣ  |d Παπασωτηρίου 
970 |a Καγιαβά  |b Ειρήνη  |z 28/09/2007